| 000 | 00634cam a2200205 a 4500 | ||
|---|---|---|---|
| 020 | _a9780896296732 (pbk. : alk. paper) | ||
| 040 | _cDNAL | ||
| 082 | 0 | 0 | _a363 INT 2012 C151 Or. |
| 245 | 0 | 0 | _aReshaping agriculture for nutrition and health / |
| 260 |
_aWashington, D.C. : _bInternational Food Policy Research Institute, _c2012. |
||
| 300 |
_a213 p. : _bill. ; _c23 cm. |
||
| 650 | 0 | _aFood supply. | |
| 650 | 0 | _aNutrition policy. | |
| 650 | 0 | _aAgriculture. | |
| 650 | 0 | _aPublic health. | |
| 700 | 1 | _aFan, Shenggen. | |
| 700 | 1 | _aPandya-Lorch, Rajul. | |
| 710 | 2 | _aInternational Food Policy Research Institute. | |
| 942 | _cAEDBB | ||
| 999 |
_c18678 _d18678 |
||